Statistics for Geography by Letter - J

Click here to take the quiz!

General Stats

  • This quiz has been taken 58,144 times
  • The average score is 13 of 20

Answer Stats

Hint Answer % Correct
"Land of the Rising Sun"Japan
97%
Island where reggae music originatedJamaica
94%
Capital of IndonesiaJakarta
92%
Musical genre that got its start
in New Orleans
Jazz
90%
Religion that follows the TorahJudaism
89%
Largest city in South AfricaJohannesburg
88%
King David's capital cityJerusalem
85%
French version of the name JohnJean
73%
Island where you'd find the aboveJava
68%
Capital of AlaskaJuneau
62%
River that connects the Dead Sea
and the Sea of Galilee
Jordan
55%
Major city in FloridaJacksonville
54%
Largest of the Channel IslandsJersey
52%
Peninsula forming most of DenmarkJutland
50%
Soccer team from TurinJuventus
47%
First permanent English settlement in AmericaJamestown
43%
Cajun dish similar to paellaJambalaya
40%
Indian city or style of horse-riding pantsJodhpur
34%
Capital of South SudanJuba
34%
Non-violent Indian religionJainism
29%

Score Distribution

Percentile by Number Answered

Percent of People with Each Score

Your Score History

You have not taken this quiz